| 000 | 00701nam a22001937a 4500 | ||
|---|---|---|---|
| 005 | 20251108171835.0 | ||
| 008 | 250721s1983 xx 000 0 ara d | ||
| 082 | 1 | 4 | _aم/016.091/خضر |
| 100 | 1 | _aسلامة، خضر إبراهيم | |
| 245 | 1 | 0 | _aفهرس مخطوطات مكتبة المسجد الأقصى / |
| 264 | 1 |
_aعمان : _bالمجمع الملكي لبحوث الحضارة الإسلامية - مؤسسة آل البيت، _c1983. |
|
| 300 | _aج | ||
| 500 | _aأعتمد ج2 في الوصف الببليوغرافي | ||
| 650 | 1 | 7 | _aالمخطوطات العربية |
| 650 | 1 | 7 | _aالفهارس |
| 650 | 1 | 7 | _aالمسجد الأقصى |
| 942 |
_2ddc _cREF |
||
| 999 |
_c64003 _d64003 |
||